000
00328nam a2200157Ia 4500
100
_a
Tan/S.T.
250
_a
5
942
_c
BK
654
_a
mathematics
245
_a
Applied Finite Mathematics
260
_b
Brooks/cole Pub Co
_a
New york
_c
1997
082
_a
510
_b
TAN
300
_a
674
546
_a
ENGLISH
999
_c
29882
_d
29882